Statistiken für Airline-Logos

Klicken Sie hier um das Quiz zu spielen!

Allgemein

  • Dieses Quiz wurde 819 mal gespielt
  • Das Durchschnittsergebnis liegt bei 12 aus 20

Antwortstatistiken

Airline% Korrekt
Lufthansa
98%
Swiss International
91%
Air Canada
88%
KLM
74%
South African Airways
72%
Emirates
71%
Ryanair
71%
Qantas
67%
British Airways
66%
Alitalia
61%
American Airlines
59%
Thai Airways
59%
Turkish Airlines
53%
Korean Air
50%
Aer Lingus
48%
Japan Airlines
43%
Air China
42%
Iberia
41%
Air New Zealand
31%
Southwest
28%

Verteilung der Resultate

Perzentil nach korrekt beantworteten Fragen

Anzahl Personen mit jedem Resultat

Ihre Resultats-Entwicklung

Sie haben dieses Quiz noch nicht gespielt